| 000 | 00844nam a22002537a 4500 | ||
|---|---|---|---|
| 999 |
_c1007 _d1007 |
||
| 003 | AR-CdUCM | ||
| 008 | 190226b ||||| |||| 00| 0 spa d | ||
| 020 | _a8428503451 | ||
| 040 |
_aMUNICIPALIDAD PROVINCIAL DEL CUSCO _cBIBLIOTECA MUNICIPAL DEL CUSCO |
||
| 041 | _hfre | ||
| 082 |
_a200 / _bD39 |
||
| 100 |
_aDenis, Henri _93917 |
||
| 245 |
_aTienen porvenir los sacramentos / _cHenri Denis |
||
| 260 |
_aMadrid : _bPaulinas, _c1972. |
||
| 300 |
_a189 paginas ; _c19 cm. |
||
| 505 | _aLa pastoral de los sacramentos -- Los sacramentos en la vida de la iglesia -- Liturgia y sacramento -- Los sacerdotes y la liturgia. | ||
| 650 |
_aSacramento _93918 |
||
| 650 |
_aEvangelización _93112 |
||
| 650 |
_aSacerdote _93919 |
||
| 650 |
_aLiturgia _93920 |
||
| 700 |
_aOrtiz, Alfonso _93921 |
||
| 942 |
_2ddc _cLIBROS |
||
| 945 |
_aacv _d2019-02-26 |
||